| 000 | 01052nam0a22002411 4500 | ||
|---|---|---|---|
| 001 | rc\492555 | ||
| 005 | 20260407143354.0 | ||
| 035 | _a(NLR Aleph) 005734387 | ||
| 090 |
_a7612726 _c7612726 |
||
| 100 | _a20030616d1988 |||y0rusy50 ca | ||
| 101 | 0 | _arus | |
| 102 | _aRU | ||
| 105 | _aa ||||||||| | ||
| 200 | 1 |
_aМетодические указания по совершенствованию технологии разведения и выращивания радужной форели _fВсесоюз. науч.-произв. об-ние по рыбоводству, ВНИИ прудового рыб. хоз-ва _g[Сост. Е.Ф. Титарев и др.] |
|
| 210 |
_aМ. _cВНИИПРХ _d1988 |
||
| 215 |
_a13, [1] с. _cсхем. _d20 |
||
| 702 | 1 |
_aТитарев _bЕ.Ф. _gЕвгений Федорович _4220 |
|
| 712 | 0 | 2 |
_aВНИИ прудового рыбного хозяйства _3RU\NLR\AUTH\8810015151 _9528174 |
| 801 | 0 |
_aRU _bNLR _gpsbo |
|
| 801 | 1 |
_aRU _bELAR _2rusmarc |
|
| 852 |
_aNLR _j89-4/4715 |
||
| 942 | _cBOOK | ||
| 980 | _aNB | ||